[Event "FICGS W-ch st1 g07 email"]
[White "Amlie, Trond"]
[Black "Jabot, Daniel"]
[Site "FICGS email"]
[Round "1"]
[Result "1-0"]
[Date "2012.01.01"]
[WhiteElo "1977"]
[BlackElo "1824"]
[PlyCount "33"]
[EventDate "2012.??.??"]
[EventType "tourn (corr)"]
[EventRounds "8"]
[SourceTitle "Corr 2022"]
[Source "ChessBase"]
[SourceDate "2021.10.24"]
[SourceVersion "1"]
[SourceVersionDate "2021.10.24"]
[SourceQuality "1"]

1. e4 c5 2. Nf3 d6 3. d4 cxd4 4. Nxd4 Nf6 5. Nc3 e6 6. g4 h6 7. Bg2 Nc6 8. h3 a6 9. Be3 g5 10. Nxc6 bxc6 11. e5 Nd5 12. Bd4 dxe5 13. Bxe5 f6 14. Bg3 Nxc3 15. bxc3 Qxd1+ 16. Rxd1 Be7 17. Bxc6+ 1-0

[Event "FICGS W-ch st1 g07 email"]
[White "Matisz, Gergely"]
[Black "Amlie, Trond"]
[Site "FICGS email"]
[Round "1"]
[Result "1-0"]
[Date "2012.01.01"]
[WhiteElo "1378"]
[BlackElo "1977"]
[PlyCount "21"]
[EventDate "2012.??.??"]
[EventType "tourn (corr)"]
[EventRounds "8"]
[SourceTitle "Corr 2022"]
[Source "ChessBase"]
[SourceDate "2021.10.24"]
[SourceVersion "1"]
[SourceVersionDate "2021.10.24"]
[SourceQuality "1"]

1. e3 e5 2. d4 exd4 3. exd4 d5 4. Nf3 Bd6 5. c4 Nf6 6. c5 Be7 7. Nc3 0-0 8. Be3 b6 9. Be2 Ng4 10. Bf4 bxc5 11. dxc5 1-0

[Event "FICGS W-ch st1 g07 email"]
[White "Roe, Philip"]
[Black "Amlie, Trond"]
[Site "FICGS email"]
[Round "1"]
[Result "1-0"]
[Date "2012.01.01"]
[WhiteElo "1705"]
[BlackElo "1977"]
[PlyCount "27"]
[EventDate "2012.??.??"]
[EventType "tourn (corr)"]
[EventRounds "8"]
[SourceTitle "Corr 2022"]
[Source "ChessBase"]
[SourceDate "2021.10.24"]
[SourceVersion "1"]
[SourceVersionDate "2021.10.24"]
[SourceQuality "1"]

1. Nc3 d5 2. e4 d4 3. Nce2 e5 4. Ng3 Be6 5. Nf3 f6 6. Be2 Qd7 7. 0-0 Nc6 8. Bb5 a6 9. Ba4 h5 10. d3 h4 11. Ne2 h3 12. g3 0-0-0 13. Ne1 Bc5 14. f4 1-0

[Event "FICGS rapid A 000117 email"]
[White "Amlie, Trond"]
[Black "Broniek, Mariusz Maciej"]
[Site "FICGS email"]
[Round "1"]
[Result "1/2-1/2"]
[Date "2011.11.04"]
[WhiteElo "1909"]
[BlackElo "1923"]
[PlyCount "81"]
[EventDate "2011.??.??"]
[EventType "tourn (rapid)"]
[SourceTitle "Corr 2022"]
[Source "ChessBase"]
[SourceDate "2021.10.24"]
[SourceVersion "1"]
[SourceVersionDate "2021.10.24"]
[SourceQuality "1"]

1. e4 c5 2. Nf3 d6 3. d4 cxd4 4. Nxd4 Nf6 5. Nc3 a6 6. Be3 e6 7. f3 b5 8. Qd2 Nbd7 9. g4 b4 10. Nce2 h6 11. 0-0-0 Qc7 12. h4 d5 13. Bf4 Qa5 14. Kb1 dxe4 15. Bg2 Qb6 16. g5 hxg5 17. hxg5 Rxh1 18. Bxh1 Nh5 19. Be3 g6 20. fxe4 Bb7 21. Nc1 Rd8 22. Qf2 Nc5 23. Rf1 Qc7 24. Ndb3 Ng3 25. Bf4 Nxh1 26. Rxh1 e5 27. Nxc5 Bxc5 28. Be3 Bxe3 29. Qxe3 Rd4 30. Rh4 Kd7 31. Qf3 Kc8 32. Nd3 Qe7 33. Rh8+ Kc7 34. Qe3 Qe6 35. Rh4 a5 36. b3 Ba6 37. Nc5 Qd6 38. Nxa6+ Qxa6 39. Rh1 Qb6 40. Qf3 Rd7 41. a4 1/2-1/2

[Event "FICGS rapid A 000117 email"]
[White "Lopez, Jose M"]
[Black "Amlie, Trond"]
[Site "FICGS email"]
[Round "1"]
[Result "1-0"]
[Date "2011.11.04"]
[WhiteElo "2071"]
[BlackElo "1909"]
[PlyCount "79"]
[EventDate "2011.??.??"]
[EventType "tourn (rapid)"]
[SourceTitle "Corr 2022"]
[Source "ChessBase"]
[SourceDate "2021.10.24"]
[SourceVersion "1"]
[SourceVersionDate "2021.10.24"]
[SourceQuality "1"]

1. e4 c5 2. Nf3 d6 3. d4 cxd4 4. Nxd4 Nf6 5. Nc3 a6 6. f3 e5 7. Nb3 Be7 8. Be3 Be6 9. Qd2 0-0 10. 0-0-0 a5 11. a4 Nc6 12. g4 Nb4 13. Kb1 Rc8 14. g5 Nh5 15. Rg1 Kh8 16. Bb5 f5 17. h4 Bg8 18. Nc1 Qc7 19. Nd3 fxe4 20. fxe4 d5 21. Nxb4 Bxb4 22. exd5 Rcd8 23. Rgf1 Nf4 24. Bxf4 exf4 25. Rf3 Bc5 26. h5 Qe5 27. h6 gxh6 28. gxh6 Be3 29. Qg2 Rf5 30. Re1 Rg5 31. Qf1 Rg6 32. Bc4 Qg5 33. Nd1 Bd2 34. Re4 Rxh6 35. Qd3 Rxd5 36. Bxd5 Qxd5 37. c4 Qxd3+ 38. Rxd3 Bb4 39. Rxf4 Re6 40. Nc3 1-0

[Event "FICGS rapid A 000117 email"]
[White "Reboredo, Daniel"]
[Black "Amlie, Trond"]
[Site "FICGS email"]
[Round "1"]
[Result "1/2-1/2"]
[Date "2011.11.04"]
[WhiteElo "1938"]
[BlackElo "1909"]
[PlyCount "57"]
[EventDate "2011.??.??"]
[EventType "tourn (rapid)"]
[SourceTitle "Corr 2022"]
[Source "ChessBase"]
[SourceDate "2021.10.24"]
[SourceVersion "1"]
[SourceVersionDate "2021.10.24"]
[SourceQuality "1"]

1. e4 c5 2. Nf3 d6 3. d4 cxd4 4. Nxd4 Nf6 5. Nc3 a6 6. Bg5 e6 7. f4 Nbd7 8. Qf3 Qc7 9. 0-0-0 Be7 10. g4 b5 11. Bxf6 Nxf6 12. g5 Nd7 13. f5 Nc5 14. h4 b4 15. Nb1 Bb7 16. Nd2 d5 17. fxe6 0-0 18. exf7+ Rxf7 19. Qh3 Rd8 20. Nf5 Ne6 21. Kb1 Nf4 22. Qg3 Rc8 23. Qb3 Kh8 24. Ne3 Rff8 25. Bd3 Rcd8 26. exd5 Nxd5 27. Rhe1 Nxe3 28. Rxe3 Bd5 29. Qa4 1/2-1/2

[Event "FICGS class C 000157 email"]
[White "Amlie, Trond"]
[Black "Mueller Luedenscheid, Gerdiola"]
[Site "FICGS email"]
[Round "1"]
[Result "1-0"]
[Date "2011.09.18"]
[WhiteElo "1886"]
[BlackElo "2000"]
[PlyCount "37"]
[EventDate "2011.??.??"]
[EventType "tourn (corr)"]
[SourceTitle "Corr 2013"]
[Source "ChessBase"]
[SourceDate "2012.11.12"]
[SourceVersion "1"]
[SourceVersionDate "2012.11.12"]
[SourceQuality "1"]

1. e4 c5 2. Nf3 g6 3. d4 cxd4 4. Nxd4 Nc6 5. Nc3 Bg7 6. Be3 Nf6 7. Bc4 0-0 8. Bb3 a5 9. 0-0 Nxd4 10. Bxd4 b5 11. e5 Ne8 12. Nxb5 Ba6 13. a4 d6 14. exd6 Nxd6 15. Bxg7 Kxg7 16. Qd4+ Kg8 17. Rfd1 Nxb5 18. Bxf7+ Kxf7 19. Qc4+ 1-0

[Event "FICGS class C 000157 email"]
[White "Amlie, Trond"]
[Black "Panov, Dmitriy"]
[Site "FICGS email"]
[Round "1"]
[Result "0-1"]
[Date "2011.09.18"]
[WhiteElo "1886"]
[BlackElo "1833"]
[PlyCount "76"]
[EventDate "2011.??.??"]
[EventType "tourn (corr)"]
[SourceTitle "Corr 2022"]
[Source "ChessBase"]
[SourceDate "2021.10.24"]
[SourceVersion "1"]
[SourceVersionDate "2021.10.24"]
[SourceQuality "1"]

1. e4 e5 2. Nf3 Nc6 3. Bb5 a6 4. Ba4 Nf6 5. 0-0 Be7 6. Re1 b5 7. Bb3 d6 8. c3 0-0 9. h3 Na5 10. Bc2 c5 11. d4 Qc7 12. d5 c4 13. b4 cxb3 14. axb3 g6 15. Bh6 Re8 16. Bd3 Bd7 17. Re2 Nb7 18. b4 Reb8 19. Rea2 a5 20. Qe2 Qd8 21. Na3 axb4 22. cxb4 Ra4 23. Qb2 Qe8 24. Nb1 Bf8 25. Bxf8 Kxf8 26. Nc3 Rxa2 27. Rxa2 Qc8 28. Nd2 Qc7 29. Ra6 Nd8 30. Ndb1 Bc8 31. Ra5 Nb7 32. Ra7 Bd7 33. Qa3 Qc8 34. Qa1 Qd8 35. Qa6 Qc8 36. f3 h5 37. Kh2 Ne8 38. Bxb5 Bxb5 0-1

[Event "FICGS class C 000157 email"]
[White "Wilson, Norman"]
[Black "Amlie, Trond"]
[Site "FICGS email"]
[Round "1"]
[Result "1-0"]
[Date "2011.09.18"]
[WhiteElo "1883"]
[BlackElo "1886"]
[PlyCount "79"]
[EventDate "2011.??.??"]
[EventType "tourn (corr)"]
[SourceTitle "Corr 2022"]
[Source "ChessBase"]
[SourceDate "2021.10.24"]
[SourceVersion "1"]
[SourceVersionDate "2021.10.24"]
[SourceQuality "1"]

1. d4 Nf6 2. c4 c5 3. d5 b5 4. Nf3 Bb7 5. Nbd2 bxc4 6. e4 e6 7. dxe6 dxe6 8. e5 Nd5 9. Nxc4 Be7 10. Bd2 Nc6 11. Be2 0-0 12. 0-0 Qc7 13. Qc2 Nb6 14. Na5 Nxa5 15. Bxa5 Rac8 16. Rfe1 c4 17. Rad1 Qc5 18. Bd2 h6 19. a3 Qc7 20. Ba5 Bc5 21. Bc3 Rfd8 22. Rxd8+ Qxd8 23. Rd1 Qe7 24. Nd2 Nd5 25. Bf3 Nxc3 26. Qxc3 Rd8 27. Qc2 Bxf3 28. Nxf3 Rxd1+ 29. Qxd1 c3 30. bxc3 Bxa3 31. Qa4 Bc5 32. g3 Qb7 33. Nd2 Qd5 34. Ne4 Qxe5 35. Nxc5 Qxc5 36. Qe8+ Qf8 37. Qb5 Qd8 38. c4 a5 39. c5 Qd1+ 40. Kg2 1-0

[Event "FICGS W-ch st1 g07 email"]
[White "Belton, Gary"]
[Black "Amlie, Trond"]
[Site "FICGS email"]
[Round "1"]
[Result "1/2-1/2"]
[Date "2011.04.01"]
[WhiteElo "1800"]
[BlackElo "1737"]
[PlyCount "83"]
[EventDate "2011.??.??"]
[EventType "tourn (corr)"]
[EventRounds "8"]
[SourceTitle "Corr 2013"]
[Source "ChessBase"]
[SourceDate "2012.11.12"]
[SourceVersion "1"]
[SourceVersionDate "2012.11.12"]
[SourceQuality "1"]

1. e4 c5 2. Nf3 d6 3. d4 cxd4 4. Nxd4 Nf6 5. Nc3 a6 6. h3 e5 7. Nde2 h5 8. g3 Nbd7 9. a4 Be7 10. Bg5 Nc5 11. Bg2 Be6 12. 0-0 0-0 13. b3 Rc8 14. a5 Re8 15. Re1 Rc7 16. Qd2 Qc8 17. Kh2 Qd8 18. Be3 Qc8 19. Rec1 Bd7 20. f3 Be6 21. Rd1 Bd7 22. Rac1 Bc6 23. h4 Rd8 24. Nd5 Nxd5 25. exd5 Bd7 26. Rf1 Re8 27. Nc3 f5 28. Bg5 Bxg5 29. hxg5 g6 30. Rfe1 Bb5 31. f4 Rce7 32. Kh1 Bd3 33. b4 Ne4 34. Nxe4 Bxe4 35. c4 Qd7 36. Kg1 Bxg2 37. Kxg2 exf4 38. Rxe7 f3+ 39. Kf2 Qxe7 40. Re1 Qxe1+ 41. Qxe1 Rxe1 42. Kxe1 1/2-1/2

[Event "FICGS rapid B 000175 email"]
[White "Sternik, Ryszard"]
[Black "Amlie, Trond"]
[Site "FICGS email"]
[Round "1"]
[Result "0-1"]
[Date "2011.02.17"]
[WhiteElo "1833"]
[BlackElo "1720"]
[PlyCount "62"]
[EventDate "2011.??.??"]
[EventType "tourn (rapid)"]
[EventRounds "6"]
[SourceTitle "Corr 2013"]
[Source "ChessBase"]
[SourceDate "2012.11.12"]
[SourceVersion "1"]
[SourceVersionDate "2012.11.12"]
[SourceQuality "1"]

1. e4 e5 2. f4 exf4 3. Nf3 g5 4. h4 g4 5. Ne5 d6 6. Nxg4 Be7 7. Qf3 Bxh4+ 8. Nf2 Bg3 9. d4 Qf6 10. Nc3 Qxd4 11. Bxf4 Bxf4 12. Qxf4 Be6 13. Rd1 Qf6 14. Bb5+ Nd7 15. Bxd7+ Bxd7 16. Qe3 Ne7 17. Kd2 0-0-0 18. Qxa7 Qg5+ 19. Qe3 Qxe3+ 20. Kxe3 Rdg8 21. Rdg1 f5 22. Rh2 Rg7 23. Rgh1 Bc6 24. a3 fxe4 25. Ncxe4 Rf7 26. c4 Ng6 27. Kd4 Re8 28. Rxh7 Rf4 29. g3 Rf3 30. R1h5 b6 31. Rd5 Ne5 0-1

[Event "FICGS rapid C 000095 email"]
[White "Biason, Adriano"]
[Black "Amlie, Trond"]
[Site "FICGS email"]
[Round "1"]
[Result "0-1"]
[Date "2010.11.16"]
[WhiteElo "1729"]
[BlackElo "1652"]
[PlyCount "100"]
[EventDate "2010.??.??"]
[EventType "tourn (rapid)"]
[EventRounds "4"]
[SourceTitle "Corr 2013"]
[Source "ChessBase"]
[SourceDate "2012.11.12"]
[SourceVersion "1"]
[SourceVersionDate "2012.11.12"]
[SourceQuality "1"]

1. d4 Nf6 2. c4 e6 3. Nf3 d5 4. Nc3 c6 5. Bg5 h6 6. Bh4 dxc4 7. e4 g5 8. Bg3 b5 9. Be2 Bb7 10. 0-0 Nbd7 11. Ne5 h5 12. Nxd7 Qxd7 13. Be5 Rh6 14. Qc1 c5 15. dxc5 b4 16. Qxg5 Rg6 17. Qf4 Ng4 18. Rad1 Qc6 19. Nd5 exd5 20. exd5 Qxc5 21. Rfe1 Bh6 22. Qf5 Kf8 23. Bxg4 hxg4 24. Bd4 Qd6 25. Be5 Qa6 26. Qd7 Kg8 27. Bd4 Rd6 28. Qxg4+ Rg6 29. Qd7 Rf8 30. Be3 Bg7 31. Bc5 Bc8 32. Qc7 Bh3 33. Bxf8 Rxg2+ 34. Kh1 Qg6 35. Re8 Bxf8 36. Qe5 Rxf2 37. Rxf8+ Kxf8 38. Qh8+ Ke7 39. Re1+ Be6 40. d6+ Kd7 41. Qa8 Rxb2 42. Qxa7+ Kxd6 43. Qb6+ Ke7 44. Qc5+ Kd7 45. Qb5+ Kd8 46. Qa5+ Ke8 47. Qa8+ Ke7 48. Qd5 Qd3 49. Qg5+ f6 50. Qc5+ Qd6 0-1

[Event "FICGS rapid C 000095 email"]
[White "Panov, Dmitry"]
[Black "Amlie, Trond"]
[Site "FICGS email"]
[Round "1"]
[Result "1/2-1/2"]
[Date "2010.11.16"]
[WhiteElo "1617"]
[BlackElo "1652"]
[PlyCount "66"]
[EventDate "2010.??.??"]
[EventType "tourn (rapid)"]
[EventRounds "4"]
[SourceTitle "Corr 2013"]
[Source "ChessBase"]
[SourceDate "2012.11.12"]
[SourceVersion "1"]
[SourceVersionDate "2012.11.12"]
[SourceQuality "1"]

1. e4 c5 2. c3 d5 3. exd5 Qxd5 4. d4 Nf6 5. Nf3 e6 6. Be2 Nc6 7. 0-0 Be7 8. Be3 cxd4 9. Nxd4 Nxd4 10. Bxd4 e5 11. Be3 0-0 12. c4 Qxd1 13. Rxd1 Ng4 14. Bd2 Bc5 15. Be1 Bf5 16. Nc3 Nf6 17. Bf3 e4 18. Be2 Rac8 19. Bd2 Bd4 20. Rac1 Bg4 21. Bxg4 Nxg4 22. Nxe4 Bxb2 23. Rb1 Ba3 24. Rxb7 Rxc4 25. Rxa7 Rxe4 26. Rxa3 Rd4 27. h3 Nf6 28. f3 h5 29. Rb3 Rfd8 30. Rb2 h4 31. Kf2 Nh5 32. Rc2 Ng3 33. a3 Nh1+ 1/2-1/2

[Event "FICGS rapid D 000045 email"]
[White "Amlie, Trond"]
[Black "Biason, Adriano"]
[Site "FICGS email"]
[Round "1"]
[Result "1-0"]
[Date "2010.08.24"]
[WhiteElo "1300"]
[BlackElo "1433"]
[PlyCount "97"]
[EventDate "2010.??.??"]
[EventType "tourn (rapid)"]
[EventRounds "5"]
[SourceTitle "Corr 2013"]
[Source "ChessBase"]
[SourceDate "2012.11.12"]
[SourceVersion "1"]
[SourceVersionDate "2012.11.12"]
[SourceQuality "1"]

1. d4 Nf6 2. c4 e6 3. Nc3 Bb4 4. Qc2 0-0 5. a3 Bxc3+ 6. Qxc3 b6 7. Bg5 Bb7 8. e3 d6 9. Ne2 Nbd7 10. Qc2 e5 11. d5 h6 12. Bh4 c6 13. dxc6 Bxc6 14. Nc3 Qe7 15. f3 Qe6 16. e4 Rac8 17. Rd1 Rfd8 18. Qd2 Nc5 19. b4 Nb3 20. Qb2 Nd4 21. Bf2 Nh5 22. Bxd4 exd4 23. Rxd4 Qf6 24. Qd2 Nf4 25. Qe3 Ne6 26. Rd2 Rd7 27. Kf2 Re8 28. Nd5 Qd8 29. g3 Rb7 30. h4 a5 31. Nc3 Qc7 32. b5 Bd7 33. Be2 Rd8 34. Rhd1 Be8 35. f4 f6 36. e5 fxe5 37. fxe5 dxe5 38. Rxd8 Nxd8 39. Bf3 Rb8 40. Nd5 Qc5 41. Nxb6 Qc7 42. Nd5 Qxc4 43. Nf6+ Kh8 44. Nxe8 Qxb5 45. Nxg7 Kxg7 46. a4 Qe8 47. Qa7+ Nf7 48. Bd5 Rd8 49. Bxf7 1-0

[Event "FICGS W-ch st1 g22 email"]
[White "Amlie, Trond"]
[Black "De Silva, Dinesh"]
[Site "FICGS email"]
[Round "1"]
[Result "1-0"]
[Date "2010.08.13"]
[WhiteElo "1300"]
[BlackElo "1867"]
[PlyCount "57"]
[EventDate "2010.??.??"]
[EventType "tourn (corr)"]
[EventRounds "6"]
[SourceTitle "Corr 2013"]
[Source "ChessBase"]
[SourceDate "2012.11.12"]
[SourceVersion "1"]
[SourceVersionDate "2012.11.12"]
[SourceQuality "1"]

1. e4 c5 2. Nf3 Nc6 3. Bb5 g6 4. 0-0 Bg7 5. Re1 e5 6. Bxc6 dxc6 7. d3 Qe7 8. a4 Nh6 9. a5 f6 10. Be3 Ng4 11. Bd2 Be6 12. Nc3 Nh6 13. Na4 c4 14. d4 0-0-0 15. dxe5 fxe5 16. Qe2 Nf7 17. Be3 Kb8 18. Bc5 Qf6 19. Qe3 a6 20. Ba7+ Kc8 21. Bb6 Rd6 22. Bc5 Rdd8 23. Ba3 Rd4 24. Nxd4 exd4 25. Qg3 Qe5 26. f4 Qh5 27. Qf2 d3 28. e5 Rd8 29. Qa7 1-0

[Event "FICGS rapid E 000032 email"]
[White "Amlie, Trond"]
[Black "Todd, Daniel"]
[Site "FICGS email"]
[Round "1"]
[Result "1-0"]
[Date "2010.07.24"]
[WhiteElo "1300"]
[BlackElo "1222"]
[PlyCount "29"]
[EventDate "2010.??.??"]
[EventType "tourn (rapid)"]
[EventRounds "5"]
[SourceTitle "Corr 2013"]
[Source "ChessBase"]
[SourceDate "2012.11.12"]
[SourceVersion "1"]
[SourceVersionDate "2012.11.12"]
[SourceQuality "1"]

1. e4 Nf6 2. e5 Nd5 3. d4 d6 4. Nf3 dxe5 5. Nxe5 c6 6. Be2 Bf5 7. 0-0 Nd7 8. Nf3 Nb4 9. c3 Nc2 10. Nh4 Nxa1 11. Nxf5 Qa5 12. Bd3 e6 13. Na3 exf5 14. Re1+ Kd8 15. Nc4 1-0